Alle Sportmarken die im Fußball vertreten sind - Statistiken

Allgemein
  • Dieses Quiz wurde 2.716 mal gespielt
  • Das Durchschnittsergebnis liegt bei 4 aus 8
Antwortstatistiken
Hint Antwort % Korrekt
2. Adidas
100%
1. Nike
100%
3. Puma
95%
5. Umbro
33%
6. Kappa
28%
7. Under Armour
20%
8. Reebok
15%
4. Jordan
11%
Keine übereinstimmenden Quizze gefunden
Verteilung der Resultate
Anzahl Personen mit jedem Resultat
Perzentil nach korrekt beantworteten Fragen
Ihre Resultats-Entwicklung
Sie haben dieses Quiz noch nicht gespielt